相互间距小于200km的首都 - Statistics

General Stats
  • This quiz has been taken 15 times
  • The average score is 25 of 56
Answer Stats
国家 首都 % Correct
梵蒂冈 梵蒂冈城
93%
意大利 罗马
93%
匈牙利 布达佩斯
79%
朝鲜 平壤
79%
韩国 首尔
79%
奥地利 维也纳
79%
荷兰 阿姆斯特丹
64%
约旦 安曼
64%
黎巴嫩 贝鲁特
64%
叙利亚 大马士革
64%
卡塔尔 多哈
64%
刚果(金) 金沙萨
64%
克罗地亚 萨格勒布
64%
以色列 特拉维夫
64%
立陶宛 维尔纽斯
64%
巴勒斯坦/以色列 耶路撒冷
64%
塞尔维亚 贝尔格莱德
57%
瑞士 伯尔尼
57%
刚果(布) 布拉柴维尔
57%
斯洛伐克 布拉迪斯拉发
57%
卢森堡 卢森堡
57%
巴林 麦纳麦
57%
波斯尼亚和黑塞哥维那 萨拉热窝
57%
萨尔瓦多 圣萨尔瓦多
57%
爱沙尼亚 塔林
57%
比利时 布鲁塞尔
50%
芬兰 赫尔辛基
50%
斯洛文尼亚 卢布尔雅那
50%
白俄罗斯 明斯克
43%
保加利亚 索非亚
43%
列支敦士登 瓦杜兹
43%
危地马拉 危地马拉城
43%
格鲁吉亚 第比利斯
36%
卢旺达 基加利
36%
多哥 洛美
36%
加纳 阿克拉
29%
亚美尼亚 埃里温
29%
冈比亚 班珠尔
29%
黑山 波德戈里察
29%
塞内加尔 达喀尔
29%
斯威士兰 姆巴巴内
29%
阿尔巴尼亚 地拉那
21%
布隆迪 基特加
21%
莫桑比克 马普托
21%
北马其顿 斯科普里
21%
贝宁 波多诺伏
14%
圣文森特和格林纳丁斯 金斯敦
14%
几内亚 科纳克里
14%
多米尼克 罗索
14%
格林纳达 圣乔治
14%
安提瓜和巴布达 圣约翰
14%
特立尼达和多巴哥 西班牙港
14%
圣基茨和尼维斯 巴斯特尔
7%
巴巴多斯 布里奇敦
7%
塞拉利昂 弗里敦
7%
圣卢西亚 卡斯特里
7%
No matching quizzes found
Score Distribution
Percent of People with Each Score
Percentile by Number Answered
Your Score History
You have not taken this quiz